المباخر والبخور فى مصر القديمة (دراسة أثرية وحضارية مع دراسة مباخر المتحف المصرى بالقاهرة)

محفوظ في:

المؤلف الرئيسي: ماجدة أحمد عبد الله

التنسيق: كتاب

اللغة: Undetermined

منشور في: Egypt 2018

الوسوم: إضافة وسم

لا توجد وسوم, كن أول من يضع وسما على هذه التسجيلة!

رقم الطلب:

LEADER 00448nam a2200121Ia 4500
008 240503s9999||||xx |||||||||||||| ||und||
020 |a 9789779053769 
100 1 |a ماجدة أحمد عبد الله 
245 1 0 |a المباخر والبخور فى مصر القديمة (دراسة أثرية وحضارية مع دراسة مباخر المتحف المصرى بالقاهرة) 
264 1 |a Egypt  |c 2018 
300 |a 203  |c 24 
942 |2 lcc  |c BK 
999 |c 58355  |d 58355